01134nam a2200289 a 450000100060000000300080000600500170001400800410003102000150007203500190008704000310010604100080013708200250014510000440017024500730021426000510028730000260033849000780036450400500044265000340049265000360052665000320056283000910059494200120068599900170069795201300071451570BD-RjUL20211209075700.0160831s1969 nyu b 001 0 eng  a0444000518 a(BD-RjUL)51690 aBD-RjULcDLCdBD-RjULbeng aeng00a539.72223bSRS 19691 aSrinivasan, S. K.q(S. Kidambi)915110110aStochastic theory and cascade processes /cby S. Kidambi Srinivasan. aNew York :bAmerican Elsevier Pub. Co.,c1969. axvi, 216 p. ;c24 cm.1 aModern analytic and computational methods in science and mathematics,v15 aIncludes bibliographical references and Index 0aStochastic processes.9117665 0aElectromagnetic theory.9117647 0aCosmic ray showers.9154142 0aModern analytic and computational methods in science and mathematics ;vv. 15.9154145 2ddccBK c51570d51570 00102ddc40708NFICaRUCLbRUCLcStackd1979-04-17eNethalandl0o539.72 SRS 1969r2016-08-31 00:00:00tC-2w2016-08-31yBK